000 00835nam a2200265Ia 4500
003 OSt
005 20221005092745.0
006 a|||||r|||| 00| 0
007 ta
008 221004b |||||||| |||| 00| 0 eng d
020 _a9789812871879 (hbk)
_c7565.23
024 _a26014
037 _bBBS/153, 22/03/2016, Better Book Service
_cTextual
040 _aCRL
_cCRL
_beng
041 _2eng
_aeng
082 _aS2:34, Q5
100 _aWright Katie Ed.
_9617743
245 0 _aRethinking youth wellbeing
_b Critical perspectives
260 _aNew York
_bSpringer U.S.A
_c2015
300 _axi, 222p.
_ccm.
650 _aPSYCHOLOGY
700 _a McLeod Julie Ed.
_9146967
942 _hS2:34, Q5
_cTEXL
_2cc
999 _c999341
_d999341